| 000 | 01088nam a22003137a 4500 | ||
|---|---|---|---|
| 003 | CHAP | ||
| 005 | 20220329143144.0 | ||
| 008 | 060831d2006 mx r 00110 spa d | ||
| 010 | _a92616 | ||
| 011 | _a93588 | ||
| 035 | _a104168 | ||
| 040 | _cCHAP | ||
| 082 | 0 | 4 |
_a507.2 _bF6 |
| 110 | 0 |
_aForo Consultivo Científico y Tecnológico. México _942418 |
|
| 245 | 1 | 0 |
_aInforme de actividades : _bjunio 2004-junio 2006 _c/por Foro Consultivo Científico y Tecnológico |
| 260 |
_aMéxico, D. F. : _bForo Consultivo Científico y Tecnológico, _c2006 |
||
| 300 | _a2 v. | ||
| 590 |
_aBATCH-UPD _b10 _c20130110 _lUCH01 _h1221 |
||
| 590 |
_aBATCH-UPD _b10 _c20130410 _lUCH01 _h0755 |
||
| 590 |
_aBATCH-UPD _b10 _c20130914 _lUCH01 _h1654 |
||
| 590 |
_aCONVERSION _b10 _c20130109 _lUCH01 _h1351 |
||
| 650 | 1 | 4 |
_aInvestigación _xMéxico. _960240 |
| 650 | 1 | 4 |
_aTecnología _xInvestigación. _9111951 |
| 901 | _aBK | ||
| 905 | _aLilia | ||
| 942 | _cLIBRO | ||
| 949 |
_a507.2 F6 _bBC _cC _d33724000994158 _eC _fv.2 _h107944 _i104168 _sb |
||
| 949 |
_a507.2 F6 _bBC _cC _d33724000994216 _eC _fv.1 _h107945 _i104168 _sb |
||
| 999 |
_c92616 _d92616 |
||